Quiz di cultura generale #16 - Statistics

Statistiche generali
  • Questo quiz è stato fatto 1.376 volte
  • Il punteggio medio è 11 su 20
Statistiche sulle risposte
DOMANDA RISPOSTA % Corretto
Quale uccello solitamente posa sulla spalla di un pirata? Pappagallo
97%
Qual è la capitale dell'Irlanda Dublino
96%
Dinosauro famoso per la sua velocità Velociraptor
89%
Quale app ha diffuso l'utilizzo degli #hashtag? Twitter
85%
Quale colore simile al fucsia inizia per m? Magenta
84%
Che sanzione ha il giocatore che prende il cartellino giallo? Ammonizione
74%
Quante falangi ci sono in una mano? 14
71%
Quanti occhi ha un lombrico? 0
68%
Quale miliardario ha acquistato l'app appena citata sopra? Musk
67%
In quale mare ci sono le Isole Cicladi e il Dodecaneso? Egeo
55%
Paese in cui fu fondata la Croce Rossa Svizzera
51%
Il sottosuolo permanentemente ghiacciato Permafrost
47%
A quale stato Usa se aggiungi due lettere davanti al nome, si crea comunque un altro stato Usa? Kansas
38%
Cosa diventa una persona dopo la canonizzazione? Santo
38%
In quale nazione puoi trovare il Monte Ararat? Turchia
37%
Fu arso al rogo a Campo dei Fiori Giordano Bruno
35%
Cosa hanno mangiato gli Israeliani durante la diaspora nel deserto per 40 anni? Manna
26%
Da quale paese proviene il fico d'India? Messico
20%
Quale uccello garrisce? Rondine
14%
Come si chiamavano i governatori persiani? Satrapi
9%
Nessun quiz corrispondente trovato
Distribuzione punteggi
Percentuale di utenti per punteggio
Percentile per numero di risposta
I tuoi punteggi nel tempo
Non hai fatto questo quiz